000 00626nam a22001577a 4500
003 OSt
005 20150924142051.0
008 150924b xxu||||| |||| 00| 0 eng d
040 _cRUA
082 _aAGR CHH 2011 B049 Or.1
100 _91251
_aCHHORN, SREYPOV.
245 _aEffect of growing method on growth and yield of phkaumeng rice ឥទ្ធិពលនៃវិធីសាស្រ្តដាំដុះទៅលើការលូតលាស់ និងទិន្នផលស្រូូវផ្ការំដេង
260 _aPhnom Penh
_bRUA
_c2011
300 _axi, 66p.
_bill.
_c29cm.
942 _2ddc
_cAGR
999 _c1187
_d1187